| 000 | 01519nam a22003977a 4500 | ||
|---|---|---|---|
| 001 | 000557 | ||
| 003 | DO-SdBNP | ||
| 005 | 20171110094253.0 | ||
| 007 | 000557 | ||
| 008 | 151123b 1993 sp a ||||| |||| 00| 0 spa d | ||
| 020 | _a847764764X (Obra completa) | ||
| 020 | _a8477647658 (V. 1) | ||
| 020 | _a8477647666 (V. 2) | ||
| 020 | _a8477647674 (V. 3) | ||
| 020 | _a8477647682 (V.4) | ||
| 020 | _a8477647690(V.5) | ||
| 020 | _a8477647704 (V.6) | ||
| 040 |
_aBPMSU _bspa _cBPMSU |
||
| 082 | 4 |
_a 624.18 _bG464b |
|
| 100 | 1 | _aGilbert, Vicente | |
| 245 | 1 | 0 |
_aBiblioteca Atrium de la construcción / _cVicente Gilbert; Ramón Graells; José Luis Ros ; dirección Carlos Gispert. |
| 260 | 0 |
_aBarcelona : _bOcéano/Centrum, _c1993. |
|
| 300 |
_a6 v. : _b il. ; _c30 cm. |
||
| 490 | 1 | _aTécnica de bibliotecas profesionales. | |
| 505 | 0 |
_gv. 1 _tMateriales para la construcción y sus aplicaciones. -- _gv. 2 _tNecesidades constructivas. -- _gv. 3 _tInstalaciones de una vivienda. -- _gv. 4 _tProyectos de obras singulares. -- _gv. 5 _tElementos constructivos. -- _gv. 6 _tCaracterísticas del proyecto. -- |
|
| 650 | 4 | _aINDUSTRIA DE LA CONSTRUCCIÓN | |
| 650 | 4 |
_aCONSTRUCCIÓN _xEQUIPO |
|
| 700 | 1 | 2 | _aGraells, Rámon |
| 700 | 1 | 2 | _aRos, José Luis |
| 700 | 1 | 2 | _aGispert, Carlos |
| 830 | 0 | _aTécnica de bibliotecas profesionales. | |
| 910 | _aValidado. Control de calidad MFF | ||
| 942 |
_2ddc _cBK |
||
| 945 | _aInvetariado extranjero / 2017 VM | ||
| 956 |
_aLorenza Pérez _b10 _220161017 _3BPMSU _600041 |
||
| 999 |
_c8881 _d8881 |
||